|
|
|
|
| LEADER |
00000nam0a2200000 4500 |
| 001 |
357031 |
| 005 |
20231102010942.0 |
| 035 |
|
|
|a (RuTPU)RU\TPU\retro\14291
|
| 090 |
|
|
|a 357031
|
| 100 |
|
|
|a 20200727d1926 km y0rusy50 ca
|
| 101 |
0 |
|
|a rus
|
| 102 |
|
|
|a RU
|
| 105 |
|
|
|a b z 001zy
|
| 200 |
1 |
|
|a Сборник географо-экономического исследовательского института за 1927 год
|f Ленинградский государственный университет (ЛГУ), Географо-экономический научно-исследовательский институ (ГЭНИИ) ; под ред. Н. И. Кузнецова, С. А. Советова
|
| 210 |
|
|
|a Ленинград
|c Издание Географо-Экономического Исследовательского Института
|d 1928
|
| 215 |
|
|
|a 97 с.
|
| 320 |
|
|
|a Библиография в ссылках
|
| 606 |
1 |
|
|a Географо-экономические институты
|2 stltpush
|3 (RuTPU)RU\TPU\subj\80366
|9 88091
|
| 610 |
1 |
|
|a Мурманская область
|
| 610 |
1 |
|
|a картографические материалы
|
| 610 |
1 |
|
|a геоботанические исследования
|
| 610 |
1 |
|
|a Карелия
|
| 610 |
1 |
|
|a геоморфологические исследования
|
| 610 |
1 |
|
|a Крым
|
| 610 |
1 |
|
|a Башкирия
|
| 610 |
1 |
|
|a растительность
|
| 610 |
1 |
|
|a Приазовье
|
| 610 |
1 |
|
|a лиманы
|
| 610 |
1 |
|
|a экономическая география
|
| 610 |
1 |
|
|a озера
|
| 610 |
1 |
|
|a Сибирь
|
| 610 |
1 |
|
|a засоленность
|
| 610 |
1 |
|
|a колонизация
|
| 686 |
|
|
|a У04
|v LBC/SL-A
|2 rubbk
|
| 702 |
|
1 |
|a Кузнецов
|b Н. И.
|4 340
|
| 702 |
|
1 |
|a Советов
|b С. А.
|4 340
|
| 712 |
0 |
2 |
|a Ленинградский государственный университет (ЛГУ)
|b Географо-экономический научно-исследовательский институ (ГЭНИИ)
|2 stltpush
|3 (RuTPU)RU\TPU\col\18499
|
| 801 |
|
1 |
|a RU
|b 63413507
|c 20200727
|
| 801 |
|
2 |
|a RU
|b 63413507
|c 20200925
|g RCR
|
| 942 |
|
|
|c BK
|